Sports Quiz

Random Sports or Football Quiz

All-Time National League/Conference Clubs Quiz Stats

 Plays Quiz not verified by Sporcle

Challenge
Share
Tweet
Embed
Score 0/117 Timer 12:00
0 Plays Today
First Joined % Correct
2013Chester FC
100%
2013FC Halifax Town
100%
2015Tranmere Rovers
100%
2018Salford City
100%
2018Chesterfield
100%
2009Luton Town
87.5%
1987Lincoln City
86.4%
2008Wrexham
86.1%
2010Grimsby Town
86.1%
2005Cambridge United
85.7%
2006Oxford United
85.7%
2004York City
85.3%
1989Darlington
85%
2009AFC Wimbledon
83.9%
1979Barnet
83.5%
2000Chester City
82.8%
2010Newport County
82.8%
1981Dagenham
82.4%
1983Kidderminster Harriers
82.1%
2007Torquay United
82.1%
2003Exeter City
81.7%
2004Crawley Town
81%
2008Mansfield Town
81%
1993Halifax Town
80.2%
2003Aldershot Town
80.2%
2014Bristol Rovers
80%
2015Boreham Wood
80%
2016Maidstone United (1992)
80%
2017Maidenhead United
80%
2017Hartlepool United
80%
2017Leyton Orient
80%
2018Harrogate Town
80%
1979Yeovil Town
79.5%
1994Stevenage
79.1%
1979Altrincham
78.8%
1987Macclesfield Town
78.8%
2003Accrington Stanley
78.4%
2011Stockport County
78%
1996Rushden and Diamonds
77.7%
First Joined % Correct
1998Forest Green Rovers
77.3%
1979Boston United
76.2%
1979Scarborough
76.2%
1979Barrow
75.8%
1992Woking
75.5%
2010Fleetwood Town
75.5%
1997Hereford United
75.1%
1993Southport
75.1%
1983Gateshead
74.7%
1985Cheltenham Town
74.7%
1993Dover Athletic
74.7%
1979Ebbsfleet United
74.4%
1985Wycombe Wanderers
74.4%
2004Carlisle United
74%
1995Morecambe
73.6%
1998Doncaster Rovers
73.6%
1990Colchester United
72.9%
2003Shrewsbury Town
72.9%
1979Telford United
72.2%
1979Kettering Town
71.8%
1979Bath City
71.4%
2002Burton Albion
71.1%
1979Maidstone United
70%
1996Hayes
68.1%
2003Tamworth
66.3%
2011AFC Telford United
66.3%
1979Nuneaton Borough/Town
65.6%
1986Sutton United
63.7%
1979Northwich Victoria
63%
1979Weymouth
61.5%
2007Histon
61.2%
1986Welling United
60.8%
2008Eastbourne Borough
60.8%
1981Dartford
60.4%
2012Hyde United
60%
2015Guiseley
60%
2015Bromley
60%
2016Solihull Moors
60%
2016North Ferriby United
60%
First Joined % Correct
2018Havant and Waterlooville
60%
1981Enfield
59.7%
1981Runcorn
59.3%
1989Farnborough Town
58.2%
2001Margate
57.5%
1979Worcester City
57.1%
1989Merthyr Tydfil
56.8%
2008Lewes
56%
2007Salisbury City
55.7%
2005Grays Athletic
54.9%
2011Alfreton Town
54.9%
2011Braintree Town
54.6%
2007Farsley Celtic
53.1%
2006St Albans City
52.4%
1979Stafford Rangers
51.3%
1979Wealdstone
51.3%
2004Canvey Island
49.8%
1991Redbridge Forest
49.5%
1992Dagenham and Redbridge
49.1%
2007Droylsden
48.7%
1990Slough Town
46.9%
1987Fisher Athletic
46.9%
2009Hayes and Yeading United
45.8%
1992Stalybridge Celtic
45.1%
1979Redditch United
44%
2000Leigh RMI
40.7%
1998Kingstonian
40.7%
2014Eastleigh
40%
2017AFC Fylde
40%
1992Bromsgrove Rovers
39.2%
1979AP Leamington
39.2%
1995Hednesford Town
37%
1979Bangor City
36.3%
1980Frickley Athletic
33%
1997Leek Town
31.9%
1981Trowbridge Town
31.1%
1988Chorley
30.4%
1991Witton Albion
28.2%
1988Aylesbury United
26.7%

You're not logged in!

Compare scores with friends on all Sporcle quizzes.
Join for Free
OR
Log In

You Might Also Like...

Show Comments

Extras

Top Quizzes Today


Score Distribution

Your Account Isn't Verified!

In order to create a playlist on Sporcle, you need to verify the email address you used during registration. Go to your Sporcle Settings to finish the process.

Report this User

Report this user for behavior that violates our Community Guidelines.

Details: